[Event "DEM U14 2021"]
[Site "Willingen GER"]
[Date "2021.08.29"]
[Round "9"]
[White "Pfeffer, Samuel"]
[Black "Nitsche, Nikolai"]
[Result "0-1"]
[Termination "normal"]
[Board "15"]
[WhiteElo "1487"]
[BlackElo "1835"]
[WhiteClock "00:02:23"]
[BlackClock "00:52:57"]
[PlyCount "90"]
[WhiteFideId "16249160"]
[BlackFideId "16221036"]
[EventCountry "GER"]
[EventRounds "9"]
[EventType "swiss"]
[EventDate "2021.08.22"]

1. d4 {[%clk 1:30:45]} Nf6 {[%clk 1:30:55]} 2. c4 {[%clk 1:30:17]} e5 {[%clk
1:31:14]} 3. dxe5 {[%clk 1:28:33]} Ng4 {[%clk 1:31:03]} 4. Bf4 {[%clk 1:26:26]}
Bb4+ {[%clk 1:31:14]} 5. Nc3 {[%clk 1:22:31]} Nc6 {[%clk 1:31:34]} 6. Nf3
{[%clk 1:19:48]} Qe7 {[%clk 1:31:28]} 7. Qc2 {[%clk 1:14:33]} Ngxe5 {[%clk
1:30:16]} 8. Nxe5 {[%clk 1:14:07]} Nxe5 {[%clk 1:30:40]} 9. e3 {[%clk 1:12:43]}
O-O {[%clk 1:26:15]} 10. Be2 {[%clk 1:05:47]} d6 {[%clk 1:24:32]} 11. O-O
{[%clk 1:03:28]} Bxc3 {[%clk 1:23:25]} 12. Qxc3 {[%clk 1:01:57]} Ng6 {[%clk
1:23:42]} 13. Bg3 {[%clk 1:00:50]} Be6 {[%clk 1:22:17]} 14. Bf3 {[%clk
0:57:12]} Rab8 {[%clk 1:20:23]} 15. Rfd1 {[%clk 0:54:43]} Qg5 {[%clk 1:16:59]}
16. Qd4 {[%clk 0:46:31]} Ne5 {[%clk 1:08:33]} 17. Be2 {[%clk 0:38:54]} Nc6
{[%clk 1:02:55]} 18. Qc3 {[%clk 0:35:51]} Qc5 {[%clk 1:01:33]} 19. a3 {[%clk
0:33:50]} a5 {[%clk 1:01:41]} 20. Rab1 {[%clk 0:30:15]} a4 {[%clk 1:00:22]} 21.
b4 {[%clk 0:26:44]} axb3 {[%clk 1:00:02]} 22. Rxb3 {[%clk 0:24:42]} Qa7 {[%clk
0:59:55]} 23. Rb5 {[%clk 0:21:50]} b6 {[%clk 0:58:57]} 24. Rg5 {[%clk 0:18:04]}
f6 {[%clk 0:56:14]} 25. Rh5 {[%clk 0:15:52]} Bf7 {[%clk 0:54:51]} 26. Rb5
{[%clk 0:14:54]} Nd8 {[%clk 0:52:08]} 27. Bh5 {[%clk 0:11:00]} Be6 {[%clk
0:49:42]} 28. Qd4 {[%clk 0:05:57]} Qa4 {[%clk 0:47:52]} 29. Be2 {[%clk
0:03:40]} Bf7 {[%clk 0:44:08]} 30. Qh4 {[%clk 0:02:01]} Ne6 {[%clk 0:42:28]}
31. Rf5 {[%clk 0:01:53]} Bg6 {[%clk 0:41:25]} 32. Rfd5 {[%clk 0:02:01]} Nc5
{[%clk 0:38:59]} 33. Rf1 {[%clk 0:01:56]} Ne4 {[%clk 0:38:33]} 34. Bh5 {[%clk
0:02:08]} Nxg3 {[%clk 0:36:51]} 35. hxg3 {[%clk 0:02:16]} Qxa3 {[%clk 0:35:09]}
36. Bxg6 {[%clk 0:02:34]} hxg6 {[%clk 0:35:38]} 37. Qg4 {[%clk 0:02:45]} g5
{[%clk 0:32:36]} 38. Qe6+ {[%clk 0:02:44]} Rf7 {[%clk 0:33:00]} 39. Rf5 {[%clk
0:01:34]} Qa8 {[%clk 0:31:17]} 40. c5 {[%clk 0:00:51]} bxc5 {[%clk 0:31:17]}
41. f4 {[%clk 0:00:46]} Re8 {[%clk 0:30:33]} 42. Qb3 {[%clk 0:12:12]} Qe4
{[%clk 0:56:00]} 43. Qb1 {[%clk 0:05:59]} g6 {[%clk 0:53:49]} 44. Re5 {[%clk
0:02:12]} Rxe5 {[%clk 0:53:50]} 45. fxe5 {[%clk 0:02:23]} Qxb1 {[%clk 0:52:57]}
0-1

[Event "DEM U14 2021"]
[Site "Willingen GER"]
[Date "2021.08.29"]
[Round "9"]
[White "Sundui, Chinguun"]
[Black "Herter, Arne"]
[Result "1-0"]
[Termination "normal"]
[Board "16"]
[WhiteElo "1853"]
[BlackElo "1740"]
[WhiteClock "00:42:22"]
[BlackClock "00:20:23"]
[PlyCount "139"]
[WhiteFideId "4907930"]
[BlackFideId "16255372"]
[EventCountry "GER"]
[EventRounds "9"]
[EventType "swiss"]
[EventDate "2021.08.22"]

1. e4 {[%clk 1:30:57]} e5 {[%clk 1:30:54]} 2. Nf3 {[%clk 1:31:06]} Nc6 {[%clk
1:31:17]} 3. Nc3 {[%clk 1:31:28]} Nf6 {[%clk 1:31:37]} 4. g3 {[%clk 1:31:53]}
Bc5 {[%clk 1:29:52]} 5. Bg2 {[%clk 1:32:11]} d6 {[%clk 1:28:54]} 6. d3 {[%clk
1:31:57]} Be6 {[%clk 1:26:38]} 7. Na4 {[%clk 1:31:41]} Bb6 {[%clk 1:15:44]} 8.
Nxb6 {[%clk 1:31:31]} axb6 {[%clk 1:15:51]} 9. h3 {[%clk 1:24:23]} h6 {[%clk
1:13:10]} 10. b3 {[%clk 1:18:12]} g5 {[%clk 1:10:05]} 11. Bb2 {[%clk 1:16:29]}
Qd7 {[%clk 1:07:06]} 12. d4 {[%clk 1:14:28]} g4 {[%clk 1:00:37]} 13. hxg4
{[%clk 1:10:27]} Bxg4 {[%clk 1:00:32]} 14. dxe5 {[%clk 1:08:46]} dxe5 {[%clk
0:54:10]} 15. Qxd7+ {[%clk 1:07:14]} Nxd7 {[%clk 0:54:24]} 16. Rh4 {[%clk
1:06:03]} h5 {[%clk 0:51:34]} 17. a3 {[%clk 1:03:58]} f6 {[%clk 0:49:18]} 18.
Nh2 {[%clk 1:02:28]} Be6 {[%clk 0:47:57]} 19. Bf3 {[%clk 1:01:16]} Bf7 {[%clk
0:46:57]} 20. g4 {[%clk 0:59:52]} O-O-O {[%clk 0:45:02]} 21. gxh5 {[%clk
0:58:50]} Nf8 {[%clk 0:42:06]} 22. Nf1 {[%clk 0:56:28]} Ne6 {[%clk 0:38:57]}
23. Bg4 {[%clk 0:54:06]} Kb8 {[%clk 0:37:35]} 24. Bxe6 {[%clk 0:54:05]} Bxe6
{[%clk 0:38:01]} 25. Ng3 {[%clk 0:53:26]} Rh7 {[%clk 0:33:48]} 26. Ke2 {[%clk
0:51:35]} Rhd7 {[%clk 0:31:46]} 27. Nf1 {[%clk 0:47:17]} f5 {[%clk 0:23:38]}
28. exf5 {[%clk 0:43:27]} Bxf5 {[%clk 0:24:04]} 29. Rc1 {[%clk 0:43:36]} Nd4+
{[%clk 0:21:36]} 30. Bxd4 {[%clk 0:43:58]} exd4 {[%clk 0:21:56]} 31. Kd2 {[%clk
0:43:27]} d3 {[%clk 0:17:17]} 32. c3 {[%clk 0:43:36]} Bh7 {[%clk 0:17:03]} 33.
Ne3 {[%clk 0:42:40]} Rf7 {[%clk 0:11:54]} 34. f4 {[%clk 0:41:01]} c6 {[%clk
0:10:29]} 35. Rg1 {[%clk 0:39:43]} Rdf8 {[%clk 0:09:11]} 36. h6 {[%clk
0:37:26]} Rxf4 {[%clk 0:01:16]} 37. Rxf4 {[%clk 0:37:28]} Rxf4 {[%clk 0:01:44]}
38. Rg7 Rf2+ {[%clk 0:02:11]} 39. Kd1 {[%clk 0:36:11]} Rf3 {[%clk 0:02:32]} 40.
Ng4 {[%clk 0:33:17]} Bf5 {[%clk 0:01:33]} 41. h7 {[%clk 0:32:34]} Rh3 {[%clk
0:01:03]} 42. Rg8+ {[%clk 0:31:26]} Ka7 {[%clk 0:01:14]} 43. h8=Q {[%clk
0:31:25]} Rxh8 {[%clk 0:01:19]} 44. Rxh8 {[%clk 0:31:48]} Bxg4+ {[%clk
0:01:42]} 45. Kd2 {[%clk 0:31:59]} Be2 {[%clk 0:01:53]} 46. c4 {[%clk 0:32:01]}
Bf1 {[%clk 0:00:59]} 47. Rf8 {[%clk 0:31:47]} Be2 {[%clk 0:01:16]} 48. Kc3
{[%clk 0:30:15]} Bd1 {[%clk 0:29:35]} 49. b4 {[%clk 0:59:31]} Bc2 {[%clk
0:28:53]} 50. Rd8 {[%clk 0:57:57]} c5 {[%clk 0:28:25]} 51. b5 {[%clk 0:56:56]}
Bb1 {[%clk 0:28:41]} 52. Rh8 {[%clk 0:56:29]} Bc2 {[%clk 0:28:52]} 53. Rd8
{[%clk 0:55:09]} Bb1 {[%clk 0:29:03]} 54. Kb2 {[%clk 0:50:17]} Bc2 {[%clk
0:27:58]} 55. Rd6 {[%clk 0:48:39]} Bd1 {[%clk 0:25:37]} 56. Rxd3 {[%clk
0:48:19]} Bg4 {[%clk 0:25:38]} 57. Rd6 {[%clk 0:47:40]} Bh5 {[%clk 0:24:33]}
58. Kb3 {[%clk 0:42:40]} Bf7 {[%clk 0:24:40]} 59. Rf6 {[%clk 0:41:00]} Bg8
{[%clk 0:23:28]} 60. a4 {[%clk 0:40:46]} Bh7 {[%clk 0:23:22]} 61. a5 {[%clk
0:40:40]} bxa5 {[%clk 0:22:54]} 62. Ka4 {[%clk 0:40:58]} Be4 {[%clk 0:20:19]}
63. Kxa5 {[%clk 0:41:08]} Kb8 {[%clk 0:20:38]} 64. Kb6 {[%clk 0:41:10]} Kc8
{[%clk 0:20:28]} 65. Rf8+ {[%clk 0:41:06]} Kd7 {[%clk 0:20:40]} 66. Rf7+ {[%clk
0:41:31]} Kc8 {[%clk 0:20:40]} 67. Kxc5 {[%clk 0:41:54]} Bg2 {[%clk 0:20:51]}
68. Kd6 {[%clk 0:41:44]} Kb8 {[%clk 0:20:43]} 69. b6 {[%clk 0:41:59]} Bh3
{[%clk 0:20:23]} 70. Rf8+ {[%clk 0:42:22]} 1-0

[Event "DEM U14 2021"]
[Site "Willingen GER"]
[Date "2021.08.29"]
[Round "9"]
[White "Müller, Maximilian"]
[Black "Ensslinger, Colin"]
[Result "1-0"]
[Termination "normal"]
[Board "17"]
[WhiteElo "1651"]
[BlackElo "1729"]
[WhiteClock "00:42:22"]
[BlackClock "00:53:30"]
[PlyCount "51"]
[WhiteFideId "16243552"]
[BlackFideId "16226011"]
[EventCountry "GER"]
[EventRounds "9"]
[EventType "swiss"]
[EventDate "2021.08.22"]

1. e4 {[%clk 1:30:59]} c5 {[%clk 1:30:53]} 2. Nf3 {[%clk 1:31:25]} e6 {[%clk
1:31:20]} 3. g3 {[%clk 1:31:52]} Nc6 {[%clk 1:28:01]} 4. Bg2 {[%clk 1:32:14]}
Nge7 {[%clk 1:26:24]} 5. O-O {[%clk 1:32:03]} d5 {[%clk 1:26:32]} 6. exd5
{[%clk 1:32:17]} Nxd5 {[%clk 1:26:52]} 7. d4 {[%clk 1:32:04]} Be7 {[%clk
1:23:42]} 8. dxc5 {[%clk 1:27:18]} Bxc5 {[%clk 1:23:34]} 9. Qe2 {[%clk
1:24:58]} O-O {[%clk 1:21:39]} 10. c4 {[%clk 1:24:16]} Nf6 {[%clk 1:18:15]} 11.
Rd1 {[%clk 1:24:14]} Qb6 {[%clk 1:11:58]} 12. Nc3 {[%clk 1:19:08]} Re8 {[%clk
1:10:14]} 13. Na4 {[%clk 1:16:56]} Qa5 {[%clk 1:10:39]} 14. Nxc5 {[%clk
1:17:24]} Qxc5 {[%clk 1:11:03]} 15. Be3 {[%clk 1:16:22]} Qf5 {[%clk 1:10:04]}
16. Rd2 {[%clk 1:06:55]} e5 {[%clk 1:04:09]} 17. Rad1 {[%clk 0:59:35]} Be6
{[%clk 1:03:24]} 18. h3 {[%clk 0:54:41]} e4 {[%clk 1:01:21]} 19. Nd4 {[%clk
0:54:05]} Nxd4 {[%clk 1:01:15]} 20. Rxd4 {[%clk 0:54:23]} Bd7 {[%clk 1:01:04]}
21. g4 {[%clk 0:49:38]} Nxg4 {[%clk 0:58:14]} 22. Rxd7 {[%clk 0:48:48]} Ne5
{[%clk 0:57:34]} 23. R7d5 {[%clk 0:44:26]} f6 {[%clk 0:55:05]} 24. Bd4 {[%clk
0:41:32]} Nf3+ {[%clk 0:53:04]} 25. Bxf3 {[%clk 0:41:55]} exf3 {[%clk 0:53:30]}
26. Qxe8+ {[%clk 0:42:22]} 1-0

[Event "DEM U14 2021"]
[Site "Willingen GER"]
[Date "2021.08.29"]
[Round "9"]
[White "Aumüller, Naum"]
[Black "Uhlmann, Tim"]
[Result "0-1"]
[Termination "normal"]
[Board "18"]
[WhiteElo "1674"]
[BlackElo "1704"]
[WhiteClock "00:31:00"]
[BlackClock "00:31:13"]
[PlyCount "56"]
[WhiteFideId "16263960"]
[BlackFideId "16239210"]
[EventCountry "GER"]
[EventRounds "9"]
[EventType "swiss"]
[EventDate "2021.08.22"]

1. e4 {[%clk 1:30:57]} e5 {[%clk 1:30:56]} 2. Nf3 {[%clk 1:31:21]} Nc6 {[%clk
1:31:23]} 3. Bb5 {[%clk 1:31:45]} a6 {[%clk 1:31:42]} 4. Ba4 {[%clk 1:32:11]}
Nf6 {[%clk 1:32:07]} 5. d4 {[%clk 1:32:31]} exd4 {[%clk 1:30:41]} 6. O-O {[%clk
1:32:26]} b5 {[%clk 1:25:02]} 7. Bb3 {[%clk 1:32:35]} Bc5 {[%clk 1:23:01]} 8.
e5 {[%clk 1:27:52]} Ng4 {[%clk 1:17:58]} 9. h3 {[%clk 1:27:27]} Nh6 {[%clk
1:07:47]} 10. Bxh6 {[%clk 1:24:03]} gxh6 {[%clk 1:08:02]} 11. c3 {[%clk
1:22:10]} dxc3 {[%clk 1:06:39]} 12. Nxc3 {[%clk 1:21:27]} Bb7 {[%clk 1:05:25]}
13. Bxf7+ {[%clk 0:58:43]} Kxf7 {[%clk 1:03:15]} 14. Qd5+ {[%clk 0:58:41]} Kg7
{[%clk 1:02:43]} 15. Qxc5 {[%clk 0:57:54]} Rg8 {[%clk 0:59:08]} 16. Qe3 {[%clk
0:53:33]} Kh8 {[%clk 0:57:44]} 17. Nd5 {[%clk 0:43:05]} Ne7 {[%clk 0:52:57]}
18. Nf6 {[%clk 0:40:24]} Nd5 {[%clk 0:50:45]} 19. Nxd5 {[%clk 0:38:54]} Bxd5
{[%clk 0:50:48]} 20. g3 {[%clk 0:37:33]} Qf8 {[%clk 0:46:40]} 21. Nd2 {[%clk
0:35:18]} Qf5 {[%clk 0:44:34]} 22. Kh2 {[%clk 0:32:52]} Rae8 {[%clk 0:42:34]}
23. f4 {[%clk 0:32:18]} h5 {[%clk 0:37:05]} 24. Qc3 {[%clk 0:31:01]} Be6 {[%clk
0:36:53]} 25. Rf3 {[%clk 0:30:31]} Qxh3+ {[%clk 0:37:04]} 26. Kg1 {[%clk
0:31:00]} h4 {[%clk 0:36:50]} 27. Ne4 {[%clk 0:31:19]} hxg3 {[%clk 0:37:02]}
28. Nxg3 {[%clk 0:31:00]} h5 {[%clk 0:31:13]} 0-1

[Event "DEM U14 2021"]
[Site "Willingen GER"]
[Date "2021.08.29"]
[Round "9"]
[White "Schott, Andy"]
[Black "Schwartz, Oliver"]
[Result "0-1"]
[Termination "normal"]
[Board "19"]
[WhiteElo "1555"]
[BlackElo "1896"]
[WhiteClock "00:00:34"]
[BlackClock "00:08:53"]
[PlyCount "68"]
[WhiteFideId "16244940"]
[BlackFideId "16207459"]
[EventCountry "GER"]
[EventRounds "9"]
[EventType "swiss"]
[EventDate "2021.08.22"]

1. c4 {[%clk 1:30:58]} e5 {[%clk 1:30:56]} 2. g3 {[%clk 1:31:22]} c6 {[%clk
1:31:19]} 3. Nf3 {[%clk 1:30:45]} e4 {[%clk 1:30:32]} 4. Nd4 {[%clk 1:31:05]}
d5 {[%clk 1:29:48]} 5. d3 {[%clk 1:28:48]} Bc5 {[%clk 1:24:37]} 6. Nb3 {[%clk
1:27:36]} Bb6 {[%clk 1:22:12]} 7. cxd5 {[%clk 1:21:29]} cxd5 {[%clk 1:19:33]}
8. Nc3 {[%clk 1:17:30]} Nf6 {[%clk 1:16:23]} 9. dxe4 {[%clk 1:10:01]} Nxe4
{[%clk 1:10:26]} 10. Nxe4 {[%clk 1:09:52]} dxe4 {[%clk 1:10:49]} 11. Qxd8+
{[%clk 1:10:14]} Bxd8 {[%clk 1:10:47]} 12. Bg2 {[%clk 1:09:04]} f5 {[%clk
1:06:30]} 13. O-O {[%clk 1:06:45]} Bf6 {[%clk 0:59:12]} 14. Rb1 {[%clk
1:02:38]} Nc6 {[%clk 0:49:06]} 15. Nd2 {[%clk 0:38:02]} Be6 {[%clk 0:43:33]}
16. b3 {[%clk 0:36:24]} Nd4 {[%clk 0:29:04]} 17. Re1 {[%clk 0:26:47]} Rc8
{[%clk 0:22:49]} 18. Nc4 {[%clk 0:21:05]} Bxc4 {[%clk 0:21:15]} 19. bxc4 {[%clk
0:21:20]} Rxc4 {[%clk 0:21:00]} 20. Bb2 {[%clk 0:11:10]} b6 {[%clk 0:18:33]}
21. Bxd4 {[%clk 0:07:46]} Bxd4 {[%clk 0:17:51]} 22. Rec1 {[%clk 0:06:04]} Rxc1+
{[%clk 0:16:50]} 23. Rxc1 {[%clk 0:06:32]} Bc5 {[%clk 0:16:48]} 24. Kf1 {[%clk
0:04:08]} Ke7 {[%clk 0:15:42]} 25. g4 {[%clk 0:03:30]} Rf8 {[%clk 0:13:23]} 26.
Rc3 {[%clk 0:01:19]} Rd8 {[%clk 0:12:58]} 27. e3 {[%clk 0:00:53]} Rd1+ {[%clk
0:10:08]} 28. Ke2 {[%clk 0:01:15]} Rg1 {[%clk 0:10:26]} 29. Bf1 {[%clk
0:01:18]} Rxg4 {[%clk 0:10:21]} 30. Bh3 {[%clk 0:00:35]} Rg5 {[%clk 0:10:33]}
31. Kf1 {[%clk 0:00:41]} Ke6 {[%clk 0:09:28]} 32. f3 {[%clk 0:00:32]} exf3
{[%clk 0:09:02]} 33. Kf2 {[%clk 0:00:33]} Rh5 {[%clk 0:08:53]} 34. Kg3 {[%clk
0:00:34]} Ke5 0-1

[Event "DEM U14 2021"]
[Site "Willingen GER"]
[Date "2021.08.29"]
[Round "9"]
[White "Andrade, Ruben"]
[Black "Hoppstädter, Daniel"]
[Result "1-0"]
[Termination "normal"]
[Board "20"]
[WhiteElo "1638"]
[BlackElo "1743"]
[WhiteClock "00:09:05"]
[BlackClock "00:59:43"]
[PlyCount "67"]
[WhiteFideId "16246829"]
[BlackFideId "16243625"]
[EventCountry "GER"]
[EventRounds "9"]
[EventType "swiss"]
[EventDate "2021.08.22"]

1. e4 {[%clk 1:30:58]} g6 {[%clk 1:30:54]} 2. d4 {[%clk 1:31:23]} Bg7 {[%clk
1:31:18]} 3. Nc3 {[%clk 1:31:47]} d6 {[%clk 1:31:35]} 4. f4 {[%clk 1:32:09]}
Nf6 {[%clk 1:31:49]} 5. Nf3 {[%clk 1:32:30]} O-O {[%clk 1:32:00]} 6. e5 {[%clk
1:32:37]} dxe5 {[%clk 1:31:57]} 7. fxe5 {[%clk 1:32:40]} Nd5 {[%clk 1:32:18]}
8. Bc4 {[%clk 1:31:52]} Nxc3 {[%clk 1:31:57]} 9. bxc3 {[%clk 1:32:15]} c5
{[%clk 1:30:24]} 10. O-O {[%clk 1:29:28]} Nc6 {[%clk 1:29:27]} 11. Ng5 {[%clk
1:19:23]} e6 {[%clk 1:25:53]} 12. Nf3 {[%clk 1:11:15]} cxd4 {[%clk 1:15:32]}
13. cxd4 {[%clk 1:11:36]} Qb6 {[%clk 1:15:24]} 14. Ba3 {[%clk 0:52:58]} Rd8
{[%clk 1:06:29]} 15. Bc5 {[%clk 0:50:15]} Qa5 {[%clk 1:04:04]} 16. Qe2 {[%clk
0:45:26]} b6 {[%clk 1:02:28]} 17. Bd6 {[%clk 0:45:12]} Nxd4 {[%clk 1:02:15]}
18. Nxd4 {[%clk 0:36:30]} Rxd6 {[%clk 1:02:28]} 19. exd6 {[%clk 0:36:54]} Bxd4+
{[%clk 1:02:49]} 20. Kh1 {[%clk 0:37:18]} Bxa1 {[%clk 1:03:08]} 21. Qf3 {[%clk
0:37:12]} Kg7 {[%clk 0:59:52]} 22. Qxa8 {[%clk 0:33:55]} Qc5 {[%clk 0:59:46]}
23. Rxa1 {[%clk 0:28:33]} Qxc4 {[%clk 1:00:06]} 24. Qxa7 {[%clk 0:23:01]} Qd5
{[%clk 0:57:32]} 25. Qxb6 {[%clk 0:20:14]} Bb7 {[%clk 0:57:47]} 26. Rg1 {[%clk
0:20:22]} Ba8 {[%clk 0:57:53]} 27. Qc7 {[%clk 0:19:30]} h5 {[%clk 0:57:47]} 28.
d7 {[%clk 0:18:43]} Qd2 {[%clk 0:58:11]} 29. h3 {[%clk 0:10:23]} e5 {[%clk
0:58:04]} 30. Qxe5+ {[%clk 0:08:55]} Kh7 {[%clk 0:58:33]} 31. Qc7 {[%clk
0:08:17]} Bxg2+ {[%clk 0:58:53]} 32. Rxg2 {[%clk 0:08:41]} Qc1+ {[%clk
0:59:18]} 33. Kh2 {[%clk 0:09:05]} Qf4+ {[%clk 0:59:43]} 34. Qxf4 1-0

[Event "DEM U14 2021"]
[Site "Willingen GER"]
[Date "2021.08.29"]
[Round "9"]
[White "Kieselbach, Jannik"]
[Black "Bock, Marlon"]
[Result "1-0"]
[Termination "normal"]
[Board "21"]
[WhiteElo "1462"]
[BlackElo "1767"]
[WhiteClock "00:34:23"]
[BlackClock "00:10:45"]
[PlyCount "67"]
[WhiteFideId "16246403"]
[BlackFideId "16244931"]
[EventCountry "GER"]
[EventRounds "9"]
[EventType "swiss"]
[EventDate "2021.08.22"]

1. e4 {[%clk 1:30:58]} e5 {[%clk 1:30:52]} 2. Nf3 {[%clk 1:31:22]} Nc6 {[%clk
1:31:02]} 3. d4 {[%clk 1:31:38]} exd4 {[%clk 1:31:15]} 4. Nxd4 {[%clk 1:31:55]}
Nf6 {[%clk 1:31:23]} 5. Nc3 {[%clk 1:31:54]} Bb4 {[%clk 1:31:29]} 6. Nxc6
{[%clk 1:31:55]} bxc6 {[%clk 1:31:21]} 7. Bd3 {[%clk 1:27:30]} O-O {[%clk
1:28:59]} 8. O-O {[%clk 1:27:34]} d5 {[%clk 1:26:42]} 9. exd5 {[%clk 1:26:15]}
cxd5 {[%clk 1:25:11]} 10. Bg5 {[%clk 1:19:51]} c6 {[%clk 1:23:24]} 11. Qf3
{[%clk 1:18:43]} Bd6 {[%clk 1:17:53]} 12. Ne2 {[%clk 1:14:17]} Be5 {[%clk
1:00:42]} 13. Rab1 {[%clk 1:13:03]} Rb8 {[%clk 0:56:12]} 14. b3 {[%clk
1:12:55]} h6 {[%clk 0:47:44]} 15. Bf4 {[%clk 1:11:53]} Re8 {[%clk 0:39:14]} 16.
Bxe5 {[%clk 1:09:51]} Rxe5 {[%clk 0:39:29]} 17. h3 {[%clk 1:08:12]} c5 {[%clk
0:36:33]} 18. Ng3 {[%clk 1:06:29]} Qe8 {[%clk 0:30:45]} 19. Nf5 {[%clk
1:03:59]} Ne4 {[%clk 0:27:06]} 20. Bxe4 {[%clk 0:56:07]} dxe4 {[%clk 0:26:25]}
21. Nxh6+ {[%clk 0:53:05]} gxh6 {[%clk 0:25:28]} 22. Qe3 {[%clk 0:51:44]} Rb6
{[%clk 0:24:21]} 23. Rbd1 {[%clk 0:50:58]} Qe7 {[%clk 0:21:31]} 24. Rd2 {[%clk
0:49:58]} Rd6 {[%clk 0:19:16]} 25. Re2 {[%clk 0:49:42]} Qg5 {[%clk 0:18:05]}
26. f4 {[%clk 0:47:14]} exf3 {[%clk 0:16:02]} 27. Qxe5 {[%clk 0:40:53]} fxe2
{[%clk 0:12:45]} 28. Qe8+ {[%clk 0:40:05]} Kh7 {[%clk 0:11:40]} 29. Rxf7+
{[%clk 0:39:09]} Kg6 {[%clk 0:11:31]} 30. Rf8+ {[%clk 0:35:33]} Kh7 {[%clk
0:10:38]} 31. Rh8+ {[%clk 0:34:32]} Kg7 {[%clk 0:10:34]} 32. Rg8+ {[%clk
0:34:33]} Kf6 {[%clk 0:10:41]} 33. Rf8+ {[%clk 0:34:23]} Kg7 {[%clk 0:10:45]}
34. Qf7# 1-0

[Event "DEM U14 2021"]
[Site "Willingen GER"]
[Date "2021.08.29"]
[Round "9"]
[White "Lippitz, Jaden"]
[Black "Kieselbach, Marvin"]
[Result "1/2-1/2"]
[Termination "normal"]
[Board "22"]
[WhiteElo "1615"]
[BlackElo "1592"]
[WhiteClock "00:39:33"]
[BlackClock "00:49:23"]
[PlyCount "48"]
[WhiteFideId "34608893"]
[BlackFideId "16235770"]
[EventCountry "GER"]
[EventRounds "9"]
[EventType "swiss"]
[EventDate "2021.08.22"]

1. e4 {[%clk 1:30:57]} e6 {[%clk 1:30:55]} 2. d4 {[%clk 1:31:23]} d5 {[%clk
1:30:49]} 3. Nc3 {[%clk 1:31:42]} Bb4 {[%clk 1:30:45]} 4. Nge2 {[%clk 1:32:01]}
dxe4 {[%clk 1:30:48]} 5. a3 {[%clk 1:32:21]} Bxc3+ {[%clk 1:30:42]} 6. Nxc3
{[%clk 1:32:42]} Nf6 {[%clk 1:30:58]} 7. Bg5 {[%clk 1:32:48]} Nbd7 {[%clk
1:28:20]} 8. Nxe4 {[%clk 1:30:38]} h6 {[%clk 1:28:19]} 9. Nxf6+ {[%clk
1:30:38]} Nxf6 {[%clk 1:28:40]} 10. Bh4 {[%clk 1:29:29]} c5 {[%clk 1:26:19]}
11. dxc5 {[%clk 1:26:37]} Qc7 {[%clk 1:26:10]} 12. Bxf6 {[%clk 1:24:05]} gxf6
{[%clk 1:26:27]} 13. Bb5+ {[%clk 1:19:47]} Ke7 {[%clk 1:26:01]} 14. b4 {[%clk
1:15:37]} Qe5+ {[%clk 1:26:03]} 15. Kf1 {[%clk 1:07:28]} b6 {[%clk 1:13:30]}
16. Qd6+ {[%clk 0:58:55]} Qxd6 {[%clk 1:13:43]} 17. cxd6+ {[%clk 0:59:14]} Kxd6
{[%clk 1:14:07]} 18. c4 {[%clk 0:59:03]} a6 {[%clk 1:12:15]} 19. Ba4 {[%clk
0:58:31]} a5 {[%clk 1:09:57]} 20. Ke2 {[%clk 0:54:48]} axb4 {[%clk 1:07:06]}
21. axb4 {[%clk 0:53:55]} Rg8 {[%clk 1:03:02]} 22. g3 {[%clk 0:53:07]} e5
{[%clk 0:56:48]} 23. Rhd1+ {[%clk 0:47:34]} Kc7 {[%clk 0:50:22]} 24. Bb5 {[%clk
0:39:33]} Be6 {[%clk 0:49:23]} 1/2-1/2

[Event "DEM U14 2021"]
[Site "Willingen GER"]
[Date "2021.08.29"]
[Round "9"]
[White "Poetzsch-Heffter, Frieder"]
[Black "Leubner, Paul Damdin"]
[Result "1/2-1/2"]
[Termination "normal"]
[Board "24"]
[WhiteElo "1598"]
[BlackElo "1407"]
[WhiteClock "00:04:10"]
[BlackClock "00:22:19"]
[PlyCount "41"]
[WhiteFideId "34608842"]
[BlackFideId "16265858"]
[EventCountry "GER"]
[EventRounds "9"]
[EventType "swiss"]
[EventDate "2021.08.22"]

1. e4 {[%clk 1:30:55]} c5 {[%clk 1:30:54]} 2. c3 {[%clk 1:31:01]} d5 {[%clk
1:26:19]} 3. exd5 {[%clk 1:31:16]} Qxd5 {[%clk 1:25:58]} 4. d4 {[%clk 1:31:20]}
cxd4 {[%clk 1:25:33]} 5. cxd4 {[%clk 1:24:43]} Nf6 {[%clk 1:23:47]} 6. Nc3
{[%clk 1:22:13]} Qd6 {[%clk 1:22:55]} 7. Nf3 {[%clk 1:12:31]} a6 {[%clk
1:19:54]} 8. h3 {[%clk 1:08:00]} g6 {[%clk 1:15:22]} 9. Bc4 {[%clk 0:59:50]}
Bg7 {[%clk 1:09:37]} 10. O-O {[%clk 0:52:00]} O-O {[%clk 1:06:02]} 11. Ne2
{[%clk 0:45:38]} b5 {[%clk 0:58:56]} 12. Bb3 {[%clk 0:44:20]} Bb7 {[%clk
0:54:07]} 13. Qd3 Nbd7 {[%clk 0:47:41]} 14. Bf4 {[%clk 0:28:05]} Qb6 {[%clk
0:45:30]} 15. Rfd1 {[%clk 0:25:23]} e6 {[%clk 0:38:54]} 16. Ne5 {[%clk
0:17:44]} Rfd8 {[%clk 0:32:10]} 17. Qe3 {[%clk 0:09:45]} Nd5 {[%clk 0:26:42]}
18. Bxd5 {[%clk 0:08:33]} Bxd5 {[%clk 0:25:54]} 19. Nc3 {[%clk 0:06:55]} Bb7
{[%clk 0:24:54]} 20. Rac1 {[%clk 0:04:31]} Rac8 {[%clk 0:22:19]} 21. Ne2 {[%clk
0:04:10]} 1/2-1/2